| 000 | 00737nam a2200181Ia 4500 | ||
|---|---|---|---|
| 005 | 20260225134114.0 | ||
| 008 | 260225s9999 xx 000 0 und d | ||
| 020 | _a9780300109030 | ||
| 082 |
_a338.74 _bPOW |
||
| 100 | _aPowell, Walter W. | ||
| 245 | 0 |
_aThe Nonprofit Sector / _cPowell, Walter W.; Steinberg, Richard |
|
| 260 |
_bYale University Press, _c2006 |
||
| 300 | _a679 pages | ||
| 520 | _aProvides a multi-disciplinary survey of nonprofit organizations and their role and function in society. This book also examines the nature of philanthropic behaviours and an array of organizations, international issues, social science theories, and insight. | ||
| 650 | _aHistory | ||
| 700 | _aSteinberg, Richard | ||
| 942 | _cENGLISH | ||
| 999 |
_c615494 _d615494 |
||